[Event "LTU-ch Men 2019"]
[Site "Vilnius"]
[Date "2019.03.16"]
[Round "3.1"]
[White "Stremavicius, Pijus"]
[Black "Laurusas, Tomas"]
[Result "1/2-1/2"]
[WhiteElo "2079"]
[BlackElo "2495"]
[Annotator "ChessBase"]
[PlyCount "89"]
[EventDate "2019.??.??"]
[EventCountry "LTU"]
[SourceTitle "playchess.com"]
[Source "ChessBase"]
[SourceQuality "1"]
[TimeControl "5400+30"]

1. d4 {[%emt 0:00:00]} Nf6 {[%emt 0:00:00]} 2. c4 {[%emt 0:00:00]} g6 {[%emt 0:00:59]} 3. Nc3 {[%emt 0:00:00]} Bg7 {[%emt 0:00:08]} 4. Nf3 {[%emt 0:00:00]} O-O {[%emt 0:00:12]} 5. e3 {[%emt 0:00:00]} b6 {[%emt 0:11:47]} 6. Be2 {[%emt 0:01:52]} Bb7 {[%emt 0:00:50]} 7. O-O {[%emt 0:00:51]} e6 {[%emt 0:02:57]} 8. b3 {[%emt 0:00:42]} d5 {[%emt 0:00:07]} 9. Ba3 {[%emt 0:01:10]} Re8 {[%emt 0:00:38]} 10. Rc1 {[%emt 0:00:07]} a6 {[%emt 0:00:26]} 11. cxd5 {[%emt 0:09:32]} exd5 {[%emt 0:01:29]} 12. Qc2 {[%emt 0:00:11]} Nbd7 {[%emt 0:00:26]} 13. h3 {[%emt 0:00:47]} Rc8 {[%emt 0:00:33]} 14. Rfd1 {[%emt 0:00:23]} Nf8 {[%emt 0:06:02]} 15. b4 {[%emt 0:09:48]} Ne6 {[%emt 0:03:21]} 16. Qb3 {[%emt 0:03:09]} h6 {[%emt 0:04:26]} 17. Bb2 {[%emt 0:00:28]} Qe7 {[%emt 0:04:51]} 18. b5 {[%emt 0:04:30]} axb5 {[%emt 0:01:10]} 19. Bxb5 {[%emt 0:00:27]} c6 {[%emt 0:01:25]} 20. Bf1 {[%emt 0:00:35]} Ba8 {[%emt 0:02:59]} 21. a4 {[%emt 0:07:51]} Bf8 {[%emt 0:04:18]} 22. Ra1 {[%emt 0:01:29]} Qb4 {[%emt 0:02:15]} 23. Qxb4 {[%emt 0:02:03]} Bxb4 {[%emt 0:00:01]} 24. Na2 {[%emt 0:02:12]} Be7 {[%emt 0:00:26]} 25. Nc3 {[%emt 0:05:18]} c5 {[%emt 0:00:56]} 26. a5 c4 {[%emt 0:00:38]} 27. axb6 {[%emt 0:02:10]} Rb8 {[%emt 0:00:51]} 28. Ba3 {[%emt 0:04:08]} Bxa3 {[%emt 0:00:58]} 29. Rxa3 {[%emt 0:00:07]} Rxb6 {[%emt 0:00:05]} 30. Rda1 {[%emt 0:00:49]} Bb7 {[%emt 0:01:24]} 31. Ne5 {[%emt 0:01:02]} Rd8 {[%emt 0:08:49]} 32. g3 {[%emt 0:01:01]} Ne8 {[%emt 0:06:04]} 33. Bg2 {[%emt 0:00:50]} N8c7 {[%emt 0:00:01]} 34. Ra7 {[%emt 0:04:41]} Rb3 {[%emt 0:00:09]} 35. R1a3 {[%emt 0:00:23]} Rxa3 {[%emt 0:02:27]} 36. Rxa3 {[%emt 0:00:20]} Kg7 {[%emt 0:01:15]} 37. Nxc4 {[%emt 0:06:34]} dxc4 {[%emt 0:06:40]} 38. Bxb7 {[%emt 0:00:09]} Rb8 {[%emt 0:00:01]} 39. Bf3 {[%emt 0:01:29]} Rb2 {[%emt 0:00:28]} 40. Be2 {[%emt 0:00:43]} Ng5 {[%emt 0:01:31]} 41. h4 {[%emt 0:01:05]} Ne4 {[%emt 0:00:10]} 42. Nxe4 {[%emt 0:00:29]} Rxe2 {[%emt 0:00:01]} 43. Rc3 {[%emt 0:01:10]} Re1+ {[%emt 0:00:14]} 44. Kg2 {[%emt 0:00:35]} Nd5 {[%emt 0:00:02]} 45. Rxc4 {[%emt 0:01:02]} 1/2-1/2

[Event "LTU-ch Men 2019"]
[Site "Vilnius"]
[Date "2019.03.16"]
[Round "3.2"]
[White "Malisauskas, Vidmantas"]
[Black "Valantiejus, Vaidotas"]
[Result "1-0"]
[WhiteElo "2451"]
[BlackElo "2048"]
[Annotator "TA"]
[PlyCount "139"]
[EventDate "2019.??.??"]
[EventCountry "LTU"]
[SourceTitle "playchess.com"]
[Source "ChessBase"]
[SourceQuality "1"]

{[%evp 17,139,17,26,0,0,0,12,1,47,45,26,27,34,23,16,0,0,2,41,27,37,31,39,25,19,21,78,81,86,71,75,28,56,7,32,22,35,33,30,31,39,33,60,74,62,0,0,0,18,14,123,118,113,123,125,118,125,123,125,127,118,119,109,101,197,189,227,222,362,335,370,336,726,679,5377,620,5297,756,1473,1921,1890,1727,1727,1560,1470,1008,950,764,572,434,1328,1220,1156,623,1578,953,2846,1336,1172,0,2740,2541,3272,2166,2770,2724,29981,29980,29980,29981,29983,29983,29984,29985,29985,29986,29986,29985,29980,29981,29987,29988,29990,29991]} 1. e4 c5 2. Nf3 d6 3. d4 cxd4 4. Nxd4 Nf6 5. Nc3 a6 6. h3 e6 7. g4 d5 8. exd5 Nxd5 9. Nde2 Bb4 10. Bd2 {B81: Sicilian Scheveningen: Keres Attack} (10. Bg2 {seems wilder.} Nc6 11. O-O Nxc3 12. Nxc3 Qc7 13. Be3) (10. Bg2 O-O 11. O-O Nxc3 12. Nxc3 Qc7 13. Qd4 Nc6 14. Bxc6 Bxc3 15. Qxc3 bxc6 16. Be3 e5 17. Rae1 Bd7 18. Bc5 {½-½ (62) Fedoseev,V (2665)-Kokarev,D (2636) Novosibirsk 2016}) 10... Nxc3 11. Nxc3 O-O (11... Qc7 {with more complications.} 12. Bg2 Bd7 13. Qe2 Bc6 14. f4 Bxg2 15. Qxg2 Nc6) 12. Bg2 {The position is equal.} Qc7 13. Qf3 Nc6 14. O-O-O Rd8 15. Bf4 $146 ({Predecessor:} 15. a3 Bd6 16. Bg5 f6 17. Be3 Ne5 18. Qe2 {1-0 (42) Borwell,A (2215)-Edney,D (2098) ICCF email 2009}) 15... e5 16. Rxd8+ Qxd8 17. Rd1 Qf8 (17... Qa5 {is more complex.} 18. Bg3 Be6 19. a3 Bc5 20. Ne4 Nd4) 18. Bd2 Be6 19. Qe2 Qc5 20. Bxc6 bxc6 21. Ne4 Qb6 (21... Qb5 $11 22. Qxb5 Bxd2+ 23. Kxd2 axb5) 22. Bxb4 $16 Qxb4 23. a3 Qb6 24. Ng5 {Black must now prevent Qe4.} Bd5 25. Qxe5 f6 {[%mdl 64] Double Attack} 26. Qf5 fxg5 27. Rxd5 $11 {[%mdl 4096] Endgame Rd7 is the strong threat. KQR-KQR} Rb8 $1 28. Rd7 $40 {[%mdl 128] Intending Qf7+ and mate. White has some attack.} Qxb2+ {[%mdl 64] Double Attack} 29. Kd2 Rf8 30. Qe6+ $1 Kh8 31. Qf7 ({White should play} 31. Qe7 $14 Rg8 32. Rd8) 31... Rg8 $1 32. Qe7 h6 33. Rd8 Rxd8+ (33... Qb5 $11 34. Rxg8+ Kxg8) 34. Qxd8+ {KQ-KQ} Kh7 35. Qd3+ Kh8 36. Qxa6 Qd4+ {[%mdl 64] [#] Double Attack} 37. Qd3 $1 {[%cal Rd3d4]} Qxf2+ 38. Kc3 Qc5+ 39. Kb3 Qb6+ {[#]} 40. Ka2 $1 Qa5 (40... Qc5 $16 {might work better.}) 41. Qc4 $18 c5 42. a4 {[%cal Ba3a4,Ba4a5,Ba5a6][%mdl 32]} Kh7 (42... Qb6 $142 43. Qc3 Qe6+ 44. Ka3 Qb6) 43. Qb5 Qc7 44. a5 Kh8 $2 (44... Qf7+ 45. Kb1 Qe6 46. Qxc5 Qa6) 45. a6 Qf7+ 46. Ka3 (46. Qb3 $142 Qg6 47. a7 Qa6+ 48. Qa3 Qe6+ 49. Kb1 Qe1+ 50. Kb2 Qe5+ 51. Qc3) 46... Qf3+ 47. Ka4 (47. Kb2 $142 Qf6+ 48. Kb1) 47... Qf4+ 48. Ka5 Qd2+ 49. Kb6 Qd6+ 50. Qc6 Qb8+ 51. Kxc5 Qe5+ 52. Kb6 {aiming for Qc8+.} Qb8+ 53. Ka5 Qd8+ (53... Qe5+ $142 54. Kb6 Qb8+ 55. Qb7 Qd6+ 56. Qc6 Qb8+) 54. Ka4 Qd4+ 55. Kb3 Qa7 56. c3 Qf7+ 57. Ka3 (57. c4 $142 Qa7 58. c5) 57... Qf8+ 58. Kb3 (58. Ka4 $142 Qf4+ 59. c4) 58... Qf7+ 59. c4 Qa7 60. c5 Qf7+ 61. Kb4 Qf4+ 62. Kb5 {White mates.} Qb8+ 63. Qb7 Qe8+ 64. Kb6 Qe6+ 65. Ka7 Qe3 66. Qc8+ Kh7 67. Kb7 Qb3+ 68. Ka8 Qd5+ 69. c6 Qd6 70. c7 {Accuracy: White = 61%, Black = 28%.} 1-0

[Event "LTU-ch Men 2019"]
[Site "Vilnius"]
[Date "2019.03.16"]
[Round "3.3"]
[White "Butvilas, Aistis"]
[Black "Chocenka, Dmitrijus"]
[Result "1/2-1/2"]
[WhiteElo "1983"]
[BlackElo "2287"]
[Annotator "ChessBase"]
[PlyCount "78"]
[EventDate "2019.??.??"]
[EventCountry "LTU"]
[SourceTitle "playchess.com"]
[Source "ChessBase"]
[SourceQuality "1"]
[TimeControl "5400+30"]

1. d4 {[%emt 0:00:00]} Nf6 {[%emt 0:00:00]} 2. c4 {[%emt 0:00:00]} g6 {[%emt 0:00:00]} 3. g3 {[%emt 0:00:05]} Bg7 {[%emt 0:00:00]} 4. Bg2 {[%emt 0:00:08]} O-O {[%emt 0:00:00]} 5. Nc3 {[%emt 0:00:07]} d6 {[%emt 0:00:05]} 6. Nf3 {[%emt 0:00:16]} a6 {[%emt 0:00:06]} 7. O-O {[%emt 0:01:09]} Nbd7 {[%emt 0:00:03]} 8. e4 {[%emt 0:04:38]} c5 {[%emt 0:00:14]} 9. h3 {[%emt 0:17:04]} cxd4 {[%emt 0:00:14]} 10. Nxd4 {[%emt 0:00:10]} Nc5 {[%emt 0:00:06]} 11. Be3 {[%emt 0:06:50]} Bd7 {[%emt 0:01:19]} 12. Qe2 {[%emt 0:02:41]} Rc8 {[%emt 0:02:00]} 13. Rac1 {[%emt 0:06:08]} Ne6 {[%emt 0:07:20]} 14. Nb3 {[%emt 0:08:17]} Bc6 {[%emt 0:01:55]} 15. Rfd1 {[%emt 0:01:29]} Nd7 {[%emt 0:01:37]} 16. Nd5 {[%emt 0:04:36]} Ba4 {[%emt 0:05:34]} 17. Re1 {[%emt 0:05:39]} Ndc5 {[%emt 0:02:41]} 18. Nxc5 {[%emt 0:02:59]} dxc5 {[%emt 0:00:28]} 19. b3 {[%emt 0:00:51]} Bc6 {[%emt 0:04:47]} 20. f4 {[%emt 0:00:43]} Nd4 {[%emt 0:00:14]} 21. Qf2 {[%emt 0:00:25]} e6 {[%emt 0:05:35]} 22. Nc3 {[%emt 0:00:21]} e5 {[%emt 0:06:43]} 23. f5 {[%emt 0:03:37]} f6 {[%emt 0:04:36]} 24. g4 {[%emt 0:00:55]} g5 {[%emt 0:00:58]} 25. h4 {[%emt 0:03:31]} h6 {[%emt 0:00:17]} 26. Nd5 {[%emt 0:02:21]} Rf7 {[%emt 0:01:55]} 27. Qb2 {[%emt 0:04:45]} Bf8 {[%emt 0:01:08]} 28. hxg5 {[%emt 0:01:36]} hxg5 {[%emt 0:00:14]} 29. Kf2 {[%emt 0:00:27]} Bxd5 {[%emt 0:08:45]} 30. exd5 {[%emt 0:01:17]} Bd6 {[%emt 0:00:03]} 31. Be4 {[%emt 0:01:09]} Rh7 {[%emt 0:00:48]} 32. Rh1 {[%emt 0:00:26]} Rcc7 {[%emt 0:00:07]} 33. Kg2 {[%emt 0:02:48]} Rcg7 {[%emt 0:07:18]} 34. Rxh7 {[%emt 0:06:45]} Rxh7 {[%emt 0:00:09]} 35. Rh1 {[%emt 0:00:09]} Qc7 {[%emt 0:05:07]} 36. Rxh7 {[%emt 0:00:33]} Qxh7 {[%emt 0:00:25]} 37. Bf2 {[%emt 0:00:13]} Kf8 {[%emt 0:01:14]} 38. Qd2 {[%emt 0:02:16]} b6 {[%emt 0:08:27]} 39. a4 a5 1/2-1/2

[Event "LTU-ch Men 2019"]
[Site "Vilnius"]
[Date "2019.03.16"]
[Round "3.4"]
[White "Vardanyan, Aras"]
[Black "Mickevicius, Juras"]
[Result "1/2-1/2"]
[WhiteElo "1916"]
[BlackElo "2273"]
[Annotator "NA"]
[PlyCount "27"]
[EventDate "2019.??.??"]
[EventCountry "LTU"]
[SourceTitle "playchess.com"]
[Source "ChessBase"]
[SourceQuality "1"]
[TimeControl "5400+30"]

1. d4 {[%emt 0:00:00]} Nf6 {[%emt 0:00:00]} 2. c4 {[%emt 0:00:00]} e6 {[%emt 0:00:00]} 3. Nf3 {[%emt 0:00:00]} b6 {[%emt 0:00:00]} 4. g3 {[%emt 0:00:00]} Bb7 {[%emt 0:00:02]} 5. Bg2 {[%emt 0:00:00]} Bb4+ {[%emt 0:00:20]} 6. Nbd2 {[%emt 0:00:16]} O-O {[%emt 0:00:08]} 7. O-O {[%emt 0:00:36]} d5 {[%emt 0:00:26]} 8. Qc2 {[%emt 0:01:08]} Nbd7 {[%emt 0:01:57]} 9. a3 {[%emt 0:02:04]} Be7 {[%emt 0:06:23]} 10. cxd5 {[%emt 0:02:04]} exd5 {[%emt 0:00:22]} 11. Ne5 {[%emt 0:00:34]} c5 {[%emt 0:04:23]} 12. Ndf3 {[%emt 0:04:53]} Ne4 $11 {[%emt 0:02:32]} 13. Rd1 {[%emt 0:01:46]} Ndf6 {[%emt 0:02:31]} 14. Ng5 {[%emt 0:02:17]} 1/2-1/2

[Event "LTU-ch Men 2019"]
[Site "Vilnius"]
[Date "2019.03.16"]
[Round "3.5"]
[White "Steponavicius, Stasys"]
[Black "Narmontas, Raimondas"]
[Result "1-0"]
[WhiteElo "2194"]
[BlackElo "2019"]
[Annotator "NA"]
[PlyCount "41"]
[EventDate "2019.??.??"]
[EventCountry "LTU"]
[SourceTitle "playchess.com"]
[Source "ChessBase"]
[SourceQuality "1"]
[TimeControl "5400+30"]

1. d4 {[%emt 0:00:00]} g6 {[%emt 0:00:00]} 2. c4 {[%emt 0:00:00]} Bg7 {[%emt 0:00:00]} 3. Nc3 {[%emt 0:00:00]} c5 {[%emt 0:00:00]} 4. d5 {[%emt 0:02:16]} Bxc3+ {[%emt 0:00:09]} 5. bxc3 {[%emt 0:00:03]} f5 {[%emt 0:00:06]} 6. e4 {[%emt 0:03:10]} fxe4 {[%emt 0:01:11]} 7. f3 {[%emt 0:00:13]} Nf6 {[%emt 0:03:23]} 8. fxe4 {[%emt 0:00:23]} Qa5 {[%emt 0:02:11]} 9. Qc2 {[%emt 0:02:25]} Nxe4 {[%emt 0:07:30] [#]} 10. Bd3 $1 {[%emt 0:01:08]} Nd6 {[%emt 0:01:55]} 11. Bf4 {[%emt 0:05:13]} Nf7 $18 {[%emt 0:09:25]} 12. Nf3 {[%emt 0:01:12]} d6 {[%emt 0:00:31]} 13. O-O {[%emt 0:01:23]} Nd7 {[%emt 0:04:18]} 14. Rae1 {[%emt 0:02:32]} Qc7 {[%emt 0:09:01]} 15. Ng5 {[%emt 0:11:07]} Nde5 {[%emt 0:06:45]} 16. Nxf7 {[%emt 0:03:15]} Nxf7 {[%emt 0:00:30]} 17. Bxg6 {[%emt 0:02:02]} hxg6 {[%emt 0:14:38]} 18. Qxg6 {[%emt 0:00:32]} Kd8 {[%emt 0:06:33]} 19. Qxf7 {[%emt 0:00:53]} b5 {[%emt 0:01:57]} 20. Bg5 {[%emt 0:00:24]} Re8 {[%emt 0:00:07]} 21. Bxe7+ {[%emt 0:00:27]} 1-0

[Event "LTU-ch Men 2019"]
[Site "Vilnius"]
[Date "2019.03.16"]
[Round "3.6"]
[White "Kalvaitis, Sigitas"]
[Black "Bagvilas, Lukas"]
[Result "1/2-1/2"]
[WhiteElo "2143"]
[BlackElo "1973"]
[Annotator "NA"]
[PlyCount "89"]
[EventDate "2019.??.??"]
[EventCountry "LTU"]
[SourceTitle "playchess.com"]
[Source "ChessBase"]
[SourceQuality "1"]
[TimeControl "5400+30"]

1. e4 {[%emt 0:00:00]} d5 {[%emt 0:00:00]} 2. exd5 {[%emt 0:00:00]} Qxd5 {[%emt 0:00:00]} 3. Nc3 {[%emt 0:00:00]} Qd8 {[%emt 0:00:00]} 4. d4 {[%emt 0:01:57]} Nf6 {[%emt 0:00:00]} 5. Nf3 {[%emt 0:02:25]} Bf5 {[%emt 0:00:42]} 6. Bd3 {[%emt 0:03:14]} Bxd3 {[%emt 0:00:38]} 7. Qxd3 {[%emt 0:00:04]} c6 {[%emt 0:00:27]} 8. O-O {[%emt 0:00:10]} e6 {[%emt 0:00:04]} 9. Re1 {[%emt 0:01:16]} Be7 {[%emt 0:01:55]} 10. Bg5 {[%emt 0:01:12]} O-O {[%emt 0:00:32]} 11. Rad1 {[%emt 0:05:55]} Na6 {[%emt 0:00:48]} 12. a3 {[%emt 0:01:01]} h6 {[%emt 0:00:17]} 13. Bh4 {[%emt 0:01:16]} Nd5 {[%emt 0:00:39]} 14. Bg3 {[%emt 0:00:46]} Nxc3 {[%emt 0:01:05]} 15. Qxc3 {[%emt 0:04:31]} Bd6 {[%emt 0:00:30]} 16. Ne5 {[%emt 0:01:12]} Re8 $14 {[%emt 0:03:01]} 17. Qf3 {[%emt 0:03:32]} f6 {[%emt 0:11:19]} 18. Qg4 {[%emt 0:12:17]} Bc7 {[%emt 0:07:41]} 19. Ng6 {[%emt 0:01:39]} Qd5 {[%emt 0:02:45]} 20. Bxc7 {[%emt 0:04:48]} Nxc7 {[%emt 0:00:08]} 21. Qg3 {[%emt 0:00:08]} Rac8 {[%emt 0:08:40]} 22. h4 {[%emt 0:03:01]} Qf5 {[%emt 0:09:53]} 23. Rd3 {[%emt 0:03:31]} Kh7 {[%emt 0:00:48]} 24. Nf4 {[%emt 0:01:34]} Nd5 {[%emt 0:01:47]} 25. Nxd5 {[%emt 0:03:59]} cxd5 {[%emt 0:00:33]} 26. c3 {[%emt 0:00:28]} Rc6 {[%emt 0:04:27]} 27. Qf3 {[%emt 0:04:45]} Qxf3 {[%emt 0:00:20]} 28. Rxf3 {[%emt 0:00:06]} Rb6 {[%emt 0:02:02]} 29. Re2 {[%emt 0:00:23]} e5 {[%emt 0:00:50]} 30. dxe5 {[%emt 0:03:01]} Rxe5 {[%emt 0:01:35]} 31. Rd2 {[%emt 0:00:35]} Kg6 {[%emt 0:06:23]} 32. Rfd3 {[%emt 0:01:07]} Kf7 {[%emt 0:00:56]} 33. g3 {[%emt 0:00:40]} g5 {[%emt 0:03:34]} 34. hxg5 {[%emt 0:00:21]} hxg5 {[%emt 0:00:06]} 35. Kg2 {[%emt 0:00:31]} g4 {[%emt 0:04:18]} 36. Rd4 {[%emt 0:00:39]} Rg5 {[%emt 0:03:25]} 37. Ra4 {[%emt 0:07:48]} a6 {[%emt 0:00:14]} 38. Ra5 {[%emt 0:00:19]} Ke6 {[%emt 0:00:17]} 39. Rc5 {[%emt 0:00:43]} Rc6 {[%emt 0:01:11]} 40. Rxc6+ {[%emt 0:00:40]} bxc6 {[%emt 0:00:11]} 41. Rd4 {[%emt 0:00:03]} Rg7 {[%emt 0:01:23]} 42. Ra4 {[%emt 0:00:09]} Rb7 {[%emt 0:01:51]} 43. Rxa6 {[%emt 0:00:49]} Rxb2 {[%emt 0:00:05]} 44. Rxc6+ {[%emt 0:00:04]} Ke5 {[%emt 0:00:03]} 45. Rc8 {[%emt 0:04:16]} 1/2-1/2

[Event "LTU-ch Men 2019"]
[Site "Vilnius"]
[Date "2019.03.16"]
[Round "3.7"]
[White "Voronov, Vadim"]
[Black "Baginskaite, Camilla"]
[Result "0-1"]
[WhiteElo "1784"]
[BlackElo "2136"]
[Annotator "NA"]
[PlyCount "104"]
[EventDate "2019.??.??"]
[EventCountry "LTU"]
[SourceTitle "playchess.com"]
[Source "ChessBase"]
[SourceQuality "1"]
[TimeControl "5400+30"]

1. e4 {[%emt 0:07:29]} c5 {[%emt 0:00:00]} 2. d4 {[%emt 0:00:14]} cxd4 {[%emt 0:00:00]} 3. c3 {[%emt 0:00:04]} dxc3 {[%emt 0:00:00]} 4. Nxc3 {[%emt 0:00:04]} Nc6 {[%emt 0:00:22]} 5. Nf3 {[%emt 0:00:09]} d6 {[%emt 0:00:15]} 6. Bc4 {[%emt 0:00:06]} a6 {[%emt 0:00:09]} 7. O-O {[%emt 0:00:35]} Nf6 {[%emt 0:00:06]} 8. Bf4 {[%emt 0:00:36] B21: Sicilian: 2 f4 and Morra Gambit} (8. h3 e6 9. Qe2 b5 10. Bb3 Bb7 11. Rd1 Qb8 12. Bf4 Nd7 13. Rd2 Be7 14. Bxd6 Bxd6 15. Rad1 Bf4 16. Rxd7 {0-1 (49) Mosadeghpour,M (2475)-Grigoryan,K (2602) Mashhad 2016}) 8... e6 {[%emt 0:04:13]} 9. Qe2 {[%emt 0:00:23]} Nh5 {[%emt 0:00:08]} 10. Be3 {[%emt 0:01:25]} Be7 {[%emt 0:01:11]} 11. Rfd1 {[%emt 0:03:10]} Bd7 {[%emt 0:05:52]} 12. Rac1 {[%emt 0:04:48]} O-O {[%emt 0:00:19]} 13. Nd4 $146 {[%emt 0:05:15]} ({Predecessor:} 13. a3 Rc8 14. b4 Nf6 15. h3 Ne5 {0-1 (29) Theveniaud,C-Soldano,G (2217) ICCF email 2013}) 13... Nxd4 {[%emt 0:32:34]} 14. Rxd4 {[%emt 0:08:11]} Nf6 {[%emt 0:05:50]} 15. Rd2 {[%emt 0:09:54]} b5 {[%emt 0:01:49]} 16. Bd3 {[%emt 0:04:15]} b4 {[%emt 0:01:52]} 17. Nd1 {[%emt 0:00:47]} Qa5 {[%emt 0:01:26]} 18. b3 {[%emt 0:05:26]} Rac8 {[%emt 0:06:24]} 19. Rdc2 {[%emt 0:03:20]} Rxc2 {[%emt 0:00:46]} 20. Rxc2 {[%emt 0:00:20]} Rc8 {[%emt 0:00:14]} 21. f3 {[%emt 0:02:41]} h6 {[%emt 0:01:57]} 22. Bd4 {[%emt 0:09:12]} Bd8 {[%emt 0:03:22]} 23. Rxc8 {[%emt 0:03:27]} Bxc8 {[%emt 0:00:23]} 24. Bf2 {[%emt 0:04:48]} Bb6 {[%emt 0:03:56]} 25. Ne3 {[%emt 0:00:22]} Nd7 {[%emt 0:04:50]} 26. Kh1 {[%emt 0:06:14]} Qe5 {[%emt 0:04:15]} 27. g3 {[%emt 0:01:11]} d5 {[%emt 0:04:04]} 28. Bxa6 {[%emt 0:05:15]} Bxa6 {[%emt 0:00:56]} 29. Qxa6 {[%emt 0:00:10]} dxe4 {[%emt 0:00:39]} 30. f4 {[%emt 0:03:55]} Qd4 {[%emt 0:04:50]} 31. Qc8+ {[%emt 0:02:33]} Kh7 {[%emt 0:00:20]} 32. Qc1 {[%emt 0:02:14]} Qd3 {[%emt 0:01:39]} 33. Kg2 {[%emt 0:02:44]} Nf6 {[%emt 0:00:48]} 34. Qc2 {[%emt 0:03:16]} Qd7 {[%emt 0:04:47]} 35. Nc4 {[%emt 0:01:20]} Bxf2 {[%emt 0:00:20]} 36. Qxf2 {[%emt 0:00:29]} Qd5 {[%emt 0:01:06]} 37. h3 {[%emt 0:01:24]} Nd7 $17 {[%emt 0:01:15]} (37... e3+ $19 {is more deadly.} 38. Qf3 e2 39. Qxd5 exd5) 38. Ne3 {[%emt 0:00:13]} Qd3 {[%emt 0:00:26]} 39. f5 {[%emt 0:00:38]} Ne5 {[%emt 0:01:05]} 40. fxe6 {[%emt 0:00:43]} fxe6 {[%emt 0:00:00]} 41. h4 {[%emt 0:00:30]} Nf3 {[%emt 0:01:24]} 42. Nc4 {[%emt 0:00:30]} h5 {[%emt 0:00:25]} 43. Ne3 {[%emt 0:00:26]} Kg6 {[%emt 0:01:48]} 44. Kh3 {[%emt 0:00:35]} Qb1 {[%emt 0:00:35]} 45. Kg2 Ne1+ {[%emt 0:00:20]} 46. Kh3 {[%emt 0:00:49]} Nd3 {[%emt 0:00:33]} 47. Qg2 {[%emt 0:00:21]} Ne5 {[%emt 0:00:18]} 48. Qe2 {[%emt 0:00:53]} Qh1+ {[%emt 0:00:33]} 49. Qh2 {[%emt 0:00:01]} Qxh2+ {[%emt 0:01:02]} 50. Kxh2 {[%emt 0:00:01]} Ng4+ {[%emt 0:00:07]} 51. Nxg4 {[%emt 0:00:11]} hxg4 {[%emt 0:00:05]} 52. Kg2 {[%emt 0:00:50]} e3 {[%emt 0:00:05]} 0-1

[Event "LTU-ch Men 2019"]
[Site "Vilnius"]
[Date "2019.03.16"]
[Round "3.8"]
[White "Eigminas, Kipras"]
[Black "Zickus, Simonas"]
[Result "1/2-1/2"]
[WhiteElo "2034"]
[BlackElo "2330"]
[Annotator "NA"]
[PlyCount "114"]
[EventDate "2019.??.??"]
[EventCountry "LTU"]
[SourceTitle "playchess.com"]
[Source "ChessBase"]
[SourceQuality "1"]
[TimeControl "5400+30"]

1. e4 {[%emt 0:00:00]} c5 {[%emt 0:00:00]} 2. Nf3 {[%emt 0:00:00]} Nc6 {[%emt 0:00:00]} 3. d4 {[%emt 0:00:00]} cxd4 {[%emt 0:00:00]} 4. Nxd4 {[%emt 0:00:00]} Nf6 {[%emt 0:00:00]} 5. Nc3 {[%emt 0:00:00]} e5 {[%emt 0:00:02]} 6. Ndb5 {[%emt 0:00:00]} d6 {[%emt 0:00:07]} 7. Nd5 {[%emt 0:00:00]} Nxd5 {[%emt 0:00:07]} 8. exd5 {[%emt 0:00:01]} Nb8 {[%emt 0:03:21]} 9. c4 {[%emt 0:00:19]} a6 {[%emt 0:05:34]} 10. Nc3 {[%emt 0:00:17]} Be7 {[%emt 0:00:05]} 11. Be3 {[%emt 0:00:09]} O-O {[%emt 0:01:26] B33: Sicilian: Pelikan and Sveshnikov Variations} 12. Be2 {[%emt 0:00:03]} Bg5 {[%emt 0:01:02]} 13. O-O {[%emt 0:03:12]} (13. Qd2 Bxe3 14. Qxe3 Nd7 15. O-O f5 16. f4 exf4 17. Qe6+ Kh8 18. Qxd6 g5 19. Rae1 Rf6 20. Qa3 Ne5 21. c5 Bd7 22. Qb4 Rh6 23. Bd1 {0-1 (57) Dzhumaev,M (2505)-Khamrakulov,D (2436) Tashkent 2015}) 13... Bxe3 {[%emt 0:08:50]} 14. fxe3 {[%emt 0:01:26]} f5 {[%emt 0:00:01]} 15. Kh1 {[%emt 0:03:45]} Rf6 $146 {[%emt 0:01:25]} ({Predecessor:} 15... Nd7 16. e4 f4 17. b4 b6 18. Na4 {0-1 (29) Poulos,G (2068)-Kamenets,A (2247) Heraklio 2009}) 16. e4 {[%emt 0:00:53]} (16. g4 $11) 16... f4 {[%emt 0:08:41]} 17. Bg4 {[%emt 0:01:55]} Rh6 {[%emt 0:02:50]} 18. Bxc8 $1 {[%emt 0:01:00]} Qxc8 {[%emt 0:00:01]} 19. Qd3 {[%emt 0:00:15]} (19. Na4 $11 {remains equal.} Nd7 20. Rc1) 19... Nd7 {[%emt 0:01:31]} 20. Na4 {[%emt 0:08:43]} Qe8 {[%emt 0:10:03]} 21. Rf3 {[%emt 0:01:11]} Rb8 {[%emt 0:09:10]} 22. Rh3 {[%emt 0:01:24]} Rg6 {[%emt 0:00:06]} ({Better is} 22... Rxh3 $17 23. Qxh3 b5 24. cxb5 axb5) 23. b4 {[%emt 0:14:46]} Nf6 {[%emt 0:04:09]} 24. Nb2 {[%emt 0:01:37]} Ng4 {[%emt 0:00:57]} 25. Nd1 {[%emt 0:00:13]} Rc8 {[%emt 0:03:01]} 26. Rc1 {[%emt 0:02:00]} Qe7 {[%emt 0:03:28]} 27. Rh5 {[%emt 0:04:50]} b5 {[%emt 0:09:47]} 28. Rc2 {[%emt 0:04:47]} bxc4 {[%emt 0:03:32]} 29. Rxc4 {[%emt 0:00:06]} Rf8 {[%emt 0:00:01]} 30. Qh3 {[%emt 0:03:14]} Qa7 {[%emt 0:01:53]} 31. Qh4 {[%emt 0:04:08]} Qd7 {[%emt 0:09:39]} 32. Rf5 $2 {[%emt 0:15:42]} (32. Rxh7 Nh6 33. Rxh6 Rxh6 34. Qe1) 32... Re8 {[%emt 0:03:09]} 33. Qe1 {[%emt 0:08:08]} Qa4 {[%emt 0:01:42]} 34. Kg1 {[%emt 0:11:36]} Qxa2 {[%emt 0:02:07]} 35. Qf1 {[%emt 0:00:07]} Rh6 {[%emt 0:04:11]} 36. Rc7 {[%emt 0:01:31]} Nxh2 {[%emt 0:01:07]} 37. Qf2 {[%emt 0:00:27]} Qb1 {[%emt 0:01:33]} 38. Qe2 {[%emt 0:03:05]} Qxb4 {[%emt 0:01:33]} 39. Rff7 {[%emt 0:00:02]} g5 {[%emt 0:02:22]} 40. Nf2 {[%emt 0:04:49]} Qb1+ $19 {[%emt 0:00:19]} 41. Qd1 {[%emt 0:00:08]} Qxd1+ {[%emt 0:00:54]} 42. Nxd1 {[%emt 0:00:01]} g4 {[%emt 0:00:37]} 43. Nf2 {[%emt 0:00:01]} Kh8 {[%emt 0:00:04]} 44. Rg7 {[%emt 0:03:43]} g3 {[%emt 0:00:15]} 45. Nd3 {[%emt 0:00:02]} Rb8 {[%emt 0:00:30]} 46. Rgd7 {[%emt 0:01:36]} a5 {[%emt 0:00:30]} 47. Rc3 {[%emt 0:00:39]} Ng4 {[%emt 0:01:06]} 48. Rc1 {[%emt 0:01:33]} Ne3 {[%emt 0:00:31]} 49. Ra7 {[%emt 0:00:19]} Rh2 {[%emt 0:00:07]} 50. Ne1 {[%emt 0:00:08]} Nxg2 {[%emt 0:00:49]} 51. Nf3 {[%emt 0:00:38]} Rh6 {[%emt 0:00:35]} 52. Kxg2 {[%emt 0:00:02]} Rb2+ {[%emt 0:00:19]} 53. Kg1 {[%emt 0:00:02]} Rg6 {[%emt 0:00:40]} 54. Rc8+ {[%emt 0:00:39]} Rg8 {[%emt 0:00:01]} 55. Rcc7 {[%emt 0:00:11]} Rb1+ {[%emt 0:00:34]} 56. Kg2 {[%emt 0:00:02]} Rb2+ {[%emt 0:00:09]} 57. Kh3 {[%emt 0:00:39]} Rg6 {[%emt 0:00:05]} 1/2-1/2

[Event "LTU-ch Men 2019"]
[Site "Vilnius"]
[Date "2019.03.16"]
[Round "3.9"]
[White "Brazdzionis, Andrius"]
[Black "Boyajyan, David"]
[Result "1-0"]
[WhiteElo "2311"]
[BlackElo "1868"]
[Annotator "ChessBase"]
[PlyCount "39"]
[EventDate "2019.??.??"]
[EventCountry "LTU"]
[SourceTitle "playchess.com"]
[Source "ChessBase"]
[SourceQuality "1"]
[TimeControl "5400+30"]

1. Nf3 d5 2. c4 e6 3. e3 Nf6 4. Nc3 a6 5. b3 Bd6 6. Bb2 Nbd7 7. Qc2 b6 8. cxd5 exd5 9. Nxd5 Bb7 10. Nxf6+ Nxf6 11. Be2 O-O 12. O-O Rc8 13. Ng5 g6 14. Qc3 Be7 15. Bg4 Rb8 16. Bf3 h6 17. Bxb7 Rxb7 18. Ne4 Kg7 19. Qc6 Ra7 20. a4 1-0